Vrátnik

Bibliographic Details
Main Authors: Lucká, T. (Author), (Author, gup)
Format: Article
Language:Slovak
Subjects:

MARC

LEADER 00000nab a2200000 a 4500
001 vtls000065624
003 SK-MaSNL
005 20260303025125.0
008 111103c1980 xo 0 slo
015 |a SNBRB19rr/mm-uuuuu 
035 |a CL0075724 
040 |a SNKBUCL  |b slo  |c SNKBUCL  |e AACR2 
041 0 |a slo 
044 |a xo  |c SK 
080 |a 885.4-3(087.5)  |2 1981 
100 1 |a Lucká, T.  |4 aut  |9 1005024 
245 1 0 |a Vrátnik  |c T. Lucká ; JŠ, JŠ 
650 0 7 |a rozprávky autorské  |2 snkbucl  |9 315429 
650 0 7 |a literatúra pre deti a mládež  |2 snkbucl  |9 21893 
655 7 |a články z novín a časopisov  |2 snkbucl  |9 267496 
655 7 |a články z odboru literárna veda a krásna literatúra  |2 snkbucl  |9 770045 
700 1 |a jš  |4 aut  |9 786531 
700 1 |a jš  |4 gup  |9 786531 
773 0 |t Televízia  |g Roč. 15, č. 31 (1980), s. 28 
850 |a Slovenská národná knižnica v Martine  |a MTA001 
852 |a SNK  |b KIS3GCP 
958 |a RK 
958 |a LX 
992 |a RBX 
999 |c 1644530  |d 1646460